Fundamentals of Mathematics (Record no. 941)

MARC details
005 - DATE AND TIME OF LATEST TRANSACTION
control field 20250319101606.0
020 ## - INTERNATIONAL STANDARD BOOK NUMBER
International Standard Book Number 0-02-409201-0
082 ## - DEWEY DECIMAL CLASSIFICATION NUMBER
Classification number 510 SET
100 ## - MAIN ENTRY--PERSONAL NAME
Author name SETEK, W. M.
245 ## - TITLE STATEMENT
Title Fundamentals of Mathematics
250 ## - EDITION STATEMENT
Edition statement 5th Ed.
260 ## - PUBLICATION, DISTRIBUTION, ETC.
Place of publication, distribution, etc. New York,
Name of publisher, distributor, etc. Macmillan,
Date of publication, distribution, etc. 1989.
300 ## - PHYSICAL DESCRIPTION
Extent xix, 744p.: ill.; figure, picture, table.
Other physical details Index.
Dimensions 25cm.
942 ## - ADDED ENTRY ELEMENTS (KOHA)
Source of classification or shelving scheme Dewey Decimal Classification
Koha item type Books
Holdings
Date last seen Total checkouts Full call number Barcode Cost, replacement price Price effective from Koha item type Lost status Source of classification or shelving scheme Damaged status Not for loan Withdrawn status Home library Current library Shelving location Date acquired Cost, normal purchase price
06/15/2025   510 SET DOM000797 36000.00 06/15/2025 Books   Dewey Decimal Classification       CBE Dodoma CBE Dodoma General Collection 08/16/1994 12000.00
03/19/2025   510 SET 0000003759 36000.00 03/19/2025 Books   Dewey Decimal Classification       College of Business Education Main Library College of Business Education Main Library General Collection 03/19/2025 12000.00
03/19/2025   510 SET 0000003760 36000.00 03/19/2025 Books   Dewey Decimal Classification       College of Business Education Main Library College of Business Education Main Library General Collection 03/19/2025 12000.00